Introduction to Measurements and Instrumentation / (Record no. 32435)

000 -LEADER
fixed length control field 00440nam a22001817a 4500
003 - CONTROL NUMBER IDENTIFIER
control field NUST
020 ## - INTERNATIONAL STANDARD BOOK NUMBER
International Standard Book Number 9788120346253
038 ## - RECORD CONTENT LICENSOR
Staff Name Khadija
082 ## - DEWEY DECIMAL CLASSIFICATION NUMBER
Classification number 681.2
Author Mark GHO
100 ## - MAIN ENTRY--PERSONAL NAME
Personal name Ghosh, Arun K.
9 (RLIN) 86895
245 ## - TITLE STATEMENT
Title Introduction to Measurements and Instrumentation /
Statement of responsibility, etc. Arun K. Ghosh
250 ## - EDITION STATEMENT
Edition statement 4th ed.
260 ## - PUBLICATION, DISTRIBUTION, ETC.
Place of publication, distribution, etc. New Delhi:
Name of publisher, distributor, etc. PHI Learning;
Date of publication, distribution, etc. 2010.
300 ## - PHYSICAL DESCRIPTION
Extent 810p. ;
500 ## - GENERAL NOTE
General note Paperback.
563 ## - BINDING INFORMATION
Binding note PB
942 ## - ADDED ENTRY ELEMENTS (KOHA)
Koha item type Book
Source of classification or shelving scheme
Holdings
Withdrawn status Lost status Source of classification or shelving scheme Damaged status Not for loan Permanent Location Current Location Shelving location Date acquired Total Checkouts Full call number Barcode Date last seen Date last checked out Price effective from Koha item type
          School of Mechanical & Manufacturing Engineering (SMME) School of Mechanical & Manufacturing Engineering (SMME) General Stacks 09/22/2015 4 681.2 GHO SMME-1184 05/29/2025 12/27/2024 09/22/2015 Book
© 2023 Central Library, National University of Sciences and Technology. All Rights Reserved.